000
00304nam a22001337a 4500
008
250417b |||||||| |||| 00| 0 eng d
020
_a
185382510
050
_a
HD7391
_b
.B76
100
_a
BROWN, Laster R.
245
_a
Full House
260
_a
London
_b
Pentonville
_c
1995
300
_a
221p.
942
_c
BK
999
_c
3045
_d
3045